000 00634nam a2200205Ia 4500
003 GCL
008 140319s9999 xx 000 0 ara d
020 _a2149309977
040 _aGCL /
_cGCL
082 0 4 _aق
_b780.92
_bم م
100 1 _aمحمد قابيل
245 1 0 _aموسوعة الغناء فى مصر /
_cمحمد قابيل
250 _aالاولى
260 _aالقاهرة :
_bدار الشروق ،
_c2006
300 _a392 ص ؛
_c28 سم
650 0 4 _aالغناء
650 0 4 _aالمطربون والمطربات - مصر
650 0 4 _aالمطربون والمطربات - تراجم
942 _2ddc
_cBK
999 _c9583
_d9583